000
00276nam a2200121Ia 4500
100
_a
Haigh/Andrew
942
_c
BK
654
_a
analysis
245
_a
Object oriented analysis and design
260
_b
Tata Mc Graw hill Ltd.
_c
2003
082
_a
5.11
_b
HAI
546
_a
ENGLISH
999
_c
24890
_d
24890